| 000 | 00553nam a2200169 i 4500 | ||
|---|---|---|---|
| 001 | 71684 | ||
| 003 | ES-MaACL | ||
| 005 | 20230906171211.0 | ||
| 007 | t| | ||
| 008 | 040817s1967 sp ||||1| por d | ||
| 100 | 1 |
_aGerling, Heinrich. _956462 |
|
| 245 | 1 | 0 |
_aA volta da máquina-ferramenta / _cHeinrich Gerling ; [traduzido para o portugués por Fernando Figueiro da Conceiçâo]. |
| 260 |
_aLisboa : _bTorrens, _c1967. |
||
| 300 |
_a232 p. ; _c23 cm. |
||
| 700 | 0 |
_aFigueiredo da Conceiçâo, Fernando. _950748 |
|
| 852 |
_aES-MaACL _jC-34046 _bR.64546 |
||
| 999 |
_c71684 _d71684 |
||